000
00250 a2200109 4500
090
_c
3945
_d
3945
100
_a
Cem Kaner
245
_a
Testing Computer Software
250
_a
2nd Ed
260
_a
Comdex
_b
New Delhi
_c
2000
942
_a
NBS
_c
BK
_k
005.3 KAN
999
_c
346405
_d
346405